000
00233nam a22001097a 4500
082
_a
621.381522 DIO'T
100
_a
TOSHIBE
_9
61259
245
_a
THE DIODE MANUAL
260
_a
USA
_b
TOSHIBA
_c
1988
300
_a
420P
942
_c
BK
999
_c
570773
_d
570773